Análisis sobre las posibilidades de permanencia y egreso en cuatro instituciones de educación superior del Distrito Federal : 1960-1978 (Record no. 62424)

MARC details
000 -CABECERA
campo de control de longitud fija 00857nam a2200265 a 4500
005 - FECHA Y HORA DE LA ÚLTIMA TRANSACCIÓN
campo de control 20210223123801.0
008 - ELEMENTOS DE LONGITUD FIJA--INFORMACIÓN GENERAL
campo de control de longitud fija 991125n 000 0 spa u
035 ## - NÚMERO DE CONTROL DEL SISTEMA
Número de control de sistema UPN01000064071
100 1# - ASIENTO PRINCIPAL--NOMBRE PERSONAL
Nombre de persona Granja Castro, Josefina
9 (RLIN) 33081
222 ## - TÍTULO CLAVE
Título clave REVISTA DE LA EDUCACION SUPERIOR
245 ## - MENCIÓN DE TÍTULO
Título Análisis sobre las posibilidades de permanencia y egreso en cuatro instituciones de educación superior del Distrito Federal : 1960-1978
300 ## - DESCRIPCIÓN FÍSICA
Extensión 5-35
362 0# - FECHAS DE PUBLICACIÓN Y/O DESIGNACIÓN SECUENCIAL
Fecha de publicación y/o designación secuencial 1983 Vol. 12, no. 3(47), jul.-sep.
653 0# - TERMINO DE INDIZACION - NO CONTROLADO
Término no controlado CALIDAD EDUCATIVA
653 0# - TERMINO DE INDIZACION - NO CONTROLADO
Término no controlado DEMANDA EDUCATIVA
653 0# - TERMINO DE INDIZACION - NO CONTROLADO
Término no controlado EDUCACION SUPERIOR
653 0# - TERMINO DE INDIZACION - NO CONTROLADO
Término no controlado MATRICULA ESCOLAR
653 0# - TERMINO DE INDIZACION - NO CONTROLADO
Término no controlado SISTEMA EDUCATIVO
653 0# - TERMINO DE INDIZACION - NO CONTROLADO
Término no controlado UNIVERSIDADES
700 1# - ASIENTO SECUNDARIO--NOMBRE DE PERSONAL
Nombre de persona Juárez González, Rocío,
700 1# - ASIENTO SECUNDARIO--NOMBRE DE PERSONAL
Término indicativo de función/relación coaut.
700 1# - ASIENTO SECUNDARIO--NOMBRE DE PERSONAL
Nombre de persona Ibarrola Nicolín, María de
9 (RLIN) 28556
700 1# - ASIENTO SECUNDARIO--NOMBRE DE PERSONAL
Término indicativo de función/relación coaut.
905 ## - TIPO DE MATERIAL
Tipo de material Articulo

No items available.